000 00557nam a2200217 i 4500
001 bgj
245 1 0 _aDas große deutsche Gedichtbuch /
_chrsg. von Karl Otto Conrady.
260 _aKronberg/Ts. :
_bAthenäum Verlag,
_c1977.
300 _aLXXII, 1148 s. ;
_c25 cm.
504 _aIndeks.
650 9 _aPoezja niemiecka
700 1 _aCONRADY, Karl Otto.
020 _a3761080069
040 _cBPK
041 0 _ager
044 _aDEU
080 _a821.112.2-1
920 _a7-6108006-9
942 _cKS
008 s gw f |000 0 ger
999 _c50347
_d50347
856 _uhttp://koha.tu.koszalin.pl/cgi-bin/koha/opac-detail.pl?biblionumber=50347
_yKatalog online BPK